000 00819nam a22002297a 4500
005 20240530110913.0
008 220209s2007 ua a b 000 0 ara d
017 _bمصر. دار الكتب
020 _a9774087216
040 _aEG-CaGPL
_cEG-CaGPL
082 0 4 _221
_a425 \
_bس ت
100 0 _aسكس، فلورنس
245 2 0 _aتعلم القواعد النحوية الانجليزية فى 30 دقيقة /
_cفلورنس ساكس ، كونستنس ايمل
250 _aط.1
260 _aالقاهرة :
_bدار الفاروق للنشر والتوزيع،
_c2007
300 _a248 ص؛
_c24 سم
650 0 7 _2qrmak
_aالقواعد النحوية
650 0 7 _2qrmak
_aاللغة الانجليزية
651 _2qrmak
942 _2ddc
_cBK
999 _c66349
_d66349